Estrategias de aplicación de la trigonometría esférica en la navegación ortodrómica / (Record no. 14456)
[ view plain ]
| 000 -CABECERA | |
|---|---|
| campo de control de longitud fija | 03338nam a2200409 4500 |
| 001 - NÚMERO DE CONTROL | |
| campo de control | 51008 |
| 003 - IDENTIFICADOR DEL NÚMERO DE CONTROL | |
| campo de control | Biblioteca APEC |
| 005 - FECHA Y HORA DE LA ÚLTIMA TRANSACCIÓN | |
| campo de control | 20251014134039.0 |
| 008 - DATOS DE LONGITUD FIJA--INFORMACIÓN GENERAL | |
| campo de control de longitud fija | 170930b2016 dr ||||| |||| 00| 0 spa d |
| 040 ## - FUENTE DE LA CATALOGACIÓN | |
| Centro/agencia transcriptor | Biblioteca UNAPEC |
| Centro catalogador/agencia de origen | Biblioteca UNAPEC |
| Lengua de catalogación | spa |
| Normas de descripción | rda |
| 041 ## - CÓDIGO DE LENGUA | |
| Código de lengua del texto/banda sonora o título independiente | spa |
| 072 ## - CÓDIGO DE CATEGORÍA DE MATERIA | |
| Código de categoría de materia | Facultad de Humanidades |
| 090 ## - LOCALMENTE ASIGNADO TIPO-LC NÚMERO DE CLASIFICACIÓN (OCLC); NÚMERO DE CLASIFICACIÓN LOCAL (RLIN) | |
| Número de clasificación (OCLC) (R) ; Numero de clasificación, CALL (RLIN) (NR) | TPG-CI MAS-04 2016 |
| 100 1# - ENTRADA PRINCIPAL--NOMBRE DE PERSONA | |
| Nombre de persona | Carmona Penzo, Carlos Manuel |
| 9 (RLIN) | 4363 |
| Término indicativo de función/relación | autor |
| 245 10 - MENCIÓN DE TÍTULO | |
| Título | Estrategias de aplicación de la trigonometría esférica en la navegación ortodrómica / |
| Mención de responsabilidad, etc. | Carlos Manuel Carmona Penzo ; asesor: Ignacio de la Caridad Pérez Yzquierdo |
| 260 ## - PUBLICACIÓN, DISTRIBUCIÓN, ETC. | |
| Lugar de publicación, distribución, etc. | Santo Domingo, DO : |
| Nombre del editor, distribuidor, etc. | Universidad APEC |
| Fecha de publicación, distribución, etc. | 2016 |
| 300 ## - DESCRIPCIÓN FÍSICA | |
| Extensión | 106 h. : |
| Material acompañante/anejo | + 1 CD ROM |
| 336 ## - TIPO DE CONTENIDO | |
| Término de tipo de contenido | Texto |
| Código de tipo de contenido | txt |
| Fuente | rdacontent |
| 337 ## - TIPO DE MEDIO | |
| Nombre/término del tipo de medio | sin mediación |
| Código del tipo de medio | n |
| Fuente | rdamedia |
| 338 ## - TIPO DE SOPORTE | |
| Nombre/término del tipo de soporte | volumen |
| Código del tipo de soporte | nc |
| Fuente | rdacarrier |
| 500 ## - NOTA GENERAL | |
| Nota general | CAMPUS I |
| 500 ## - NOTA GENERAL | |
| Nota general | Tesis en Formato PDF<br/>Tesis en Formato Electrónico<br/>Tesis en Formato Digital |
| 502 ## - NOTA DE TESIS | |
| Nota de tesis | Tesis (Maestría en Matemática Superior) - Universidad APEC, 2016 |
| 505 ## - NOTA DE CONTENIDO CON FORMATO | |
| Nota de contenido con formato | NOCIONES BÁSICAS DE TRIGONOMETRÍA ESFÉRICA<br/>- Trigonometría<br/>- Trigonometría plana<br/>- Clasificación de los triángulos planos<br/>- Trigonometría esférica<br/>- Geometría sobre la superficie de una esfera<br/>- Triángulo esférico oblicuángulo<br/>- Triángulo esférico oblicuángulo (soluciones alternas)<br/>- Método del ángulo auxiliar<br/>- Método de la ecuación de 2do grado<br/>- Resolución del triángulo esférico<br/>NAVEGACIÓN ORTODRÓMICA<br/>- Elementos básicos de la navegación ortodrómica<br/>- Navegación a lo largo de un paralelo<br/>- Navegción en un plano<br/>- Navegación por latitud media<br/>- Estima<br/>- Navegación a lo largo de una circunferencia máxima<br/>APLICACIÓN DE LA TRIGONOMETRÍA ESFÉRICA EN LA NAVEGACIÓN ORTODRÓMICA<br/>- Caso didáctico de aplicación de la trigonometría en la navegación ortodrómica<br/>Conclusiones<br/>Recomendaciones |
| 520 ## - SUMARIO, ETC. | |
| Sumario, etc. | RESUMEN:<br/>La trigonometría esférica como estrategia para la navegación ortodrómica es una herramienta fundamental de la navegación en ausencia de instrumentos electrónicos. <br/>El planteamiento de las estrategias para la navegación ortodrómica, extiende su campo a la navegación marítima, área y espacial, es donde radica su mayor importancia. Su aplicación en la docencia, desarrollará en el egresado las competencias globales y necesarias enmarcadas en los aspectos de navegación a larga distancias. El primer capítulo nos ofrece un panorama de las características de los triángulos esféricos. <br/>En el segundo capítulo se tratan los elementos básicos de la navegación ortodrómica, y finaliza con un tercer capítulo, donde exponemos los ejemplos didácticos de aplicación de la trigonometría esférica en la navegación ortodrómica. |
| 650 ## - PUNTO DE ACCESO ADICIONAL DE MATERIA--TÉRMINO DE MATERIA | |
| Término de materia o nombre geográfico como elemento de entrada | Trigonometría |
| 9 (RLIN) | 6295 |
| 650 ## - PUNTO DE ACCESO ADICIONAL DE MATERIA--TÉRMINO DE MATERIA | |
| Término de materia o nombre geográfico como elemento de entrada | Trigonometría esférica |
| 9 (RLIN) | 6296 |
| 650 ## - PUNTO DE ACCESO ADICIONAL DE MATERIA--TÉRMINO DE MATERIA | |
| Término de materia o nombre geográfico como elemento de entrada | Triangulos esféricos |
| 9 (RLIN) | 6297 |
| 650 ## - PUNTO DE ACCESO ADICIONAL DE MATERIA--TÉRMINO DE MATERIA | |
| Término de materia o nombre geográfico como elemento de entrada | Esfera |
| 9 (RLIN) | 6298 |
| 650 ## - PUNTO DE ACCESO ADICIONAL DE MATERIA--TÉRMINO DE MATERIA | |
| Término de materia o nombre geográfico como elemento de entrada | Geometría |
| 9 (RLIN) | 6299 |
| 650 ## - PUNTO DE ACCESO ADICIONAL DE MATERIA--TÉRMINO DE MATERIA | |
| Término de materia o nombre geográfico como elemento de entrada | Geometría del espacio |
| 9 (RLIN) | 6300 |
| 650 ## - PUNTO DE ACCESO ADICIONAL DE MATERIA--TÉRMINO DE MATERIA | |
| Término de materia o nombre geográfico como elemento de entrada | Trigonometría plana |
| 9 (RLIN) | 6301 |
| 700 ## - PUNTO DE ACCESO ADICIONAL--NOMBRE DE PERSONA | |
| Nombre de persona | Pérez Izquierdo, Ignacio de la Caridad |
| Término indicativo de función/relación | asesor |
| 9 (RLIN) | 4328 |
| 856 ## - LOCALIZACIÓN Y ACCESO ELECTRÓNICOS | |
| Identificador Uniforme del Recurso | https://bibliotecaunapec.blob.core.windows.net/tesis/TPG_CI_MAS_04_2016_ET170291.pdf |
| Texto de enlace | Hacer clic para ver el PDF. (2.67 MB). Trabajo de Posgrado |
| 912 ## - | |
| -- | AJRP |
| 942 ## - ELEMENTOS DE PUNTO DE ACCESO ADICIONAL (KOHA) | |
| Fuente del sistema de clasificación o colocación | Clasificación Decimal Dewey |
| Tipo de ítem Koha | Tesis impresa |
| Parte de la signatura que corresponde a la clasificación (Parte de la clasificación) | TPG-CI MAS-04 2016 |
No items available.